Минералогия и практическое использование глин: пер. с англ.

מידע ביבליוגרפי
מחבר ראשי: Грим Р. Э. Ральф Э.
שפה:רוסית
יצא לאור: Москва, Мир, 1967
נושאים:
פורמט: ספר
KOHA link:https://koha.lib.tpu.ru/cgi-bin/koha/opac-detail.pl?biblionumber=88140

MARC

LEADER 00000nam0a2200000 4500
001 88140
005 20231031102526.0
035 |a (RuTPU)RU\TPU\book\94619 
090 |a 88140 
100 |a 20051221d1967 km y0rusy50 ca 
101 1 |a rus  |c eng 
102 |a RU 
105 |a a z 000zy 
200 1 |a Минералогия и практическое использование глин  |e пер. с англ.  |f Р. Э. Грим 
210 |a Москва  |c Мир  |d 1967 
215 |a 512 с.  |c ил. 
320 |a Библиография в конце глав. 
610 1 |a минералогия 
610 1 |a глины 
610 1 |a использование 
610 1 |a глинистые материалы 
610 1 |a структура 
610 1 |a свойства 
610 1 |a применение 
675 |a 552.5  |v 3 
700 1 |a Грим  |b Р. Э.  |g Ральф Э. 
801 1 |a RU  |b 63413507  |c 20051221  |g PSBO 
801 2 |a RU  |b 63413507  |c 20141110  |g PSBO 
942 |c BK